000 01009nam0a22002411i 4500
001 rc\906122
005 20240725234128.0
035 _a(NLR Aleph) 006081184
090 _a5090721
_c5090721
100 _a20041129d1983 u |0rusy50 ca
101 0 _arus
102 _aRU
105 _ay |||||||||
200 1 _aОсобенности противоречий в условиях перехода к социализму, минуя капиталистическую стадию развития
_e(На материалах СРВ)
_eАвтореф. дис. на соиск. учен. степ. канд. филос. наук
_e(09.00.01)
210 _aМ.
_d1983
215 _a22 с.
300 _aВ надзаг.: АОН при ЦК КПСС, Специализир. совет по филос. наукам
320 _aБиблиогр.: с. 22 (5 назв.)
700 0 _aФам Нгок Куанг
801 0 _aRU
_bNLR
_gpsbo
801 1 _aRU
_bELAR
_2rusmarc
852 _aNLR
_j83-4/25077
942 _cBOOK